[Event "ROM-ch U12"]
[Site "Calimanesti"]
[Date "2018.04.02"]
[Round "8"]
[White "Bogdan, Radu Mihai"]
[Black "Cotetiu, David Alexandru"]
[Result "1/2-1/2"]
[WhiteElo "1001"]
[BlackElo "1001"]
[PlyCount "25"]
[EventDate "2018.03.27"]
[EventType "swiss"]
[EventRounds "9"]
[EventCountry "ROU"]
[SourceTitle "CBM 183 Extra"]
[Source "ChessBase"]
[SourceDate "2018.04.19"]
[SourceVersion "1"]
[SourceVersionDate "2018.04.19"]
[SourceQuality "1"]

1. d4 d5 2. c4 c6 3. Bf4 Nf6 4. Nf3 Bf5 5. Nc3 e6 6. e3 Bb4 7. Bd3 Ne4 8. Rc1 Bxc3+ 9. bxc3 0-0 10. cxd5 cxd5 11. 0-0 Nc6 12. c4 Nb4 13. Bb1 1/2-1/2